| 000 | 00871cam a2200253 4500 | ||
|---|---|---|---|
| 008 | 011127n2001 000 0 eng u | ||
| 020 | _a0415180287 | ||
| 035 | _a(Sirsi) u115749 | ||
| 050 | _a658 | ||
| 100 | _aDoherty, T. | ||
| 245 | _aManaging public services : implementing change - a thoughtful approach | ||
| 260 |
_aLondon _bRoutledge _c2001 |
||
| 300 |
_axii,,559p. _c25cm. |
||
| 350 | _a24.99 | ||
| 520 | _aEmphasises the thinking and learning skills needed by managers of service organisations in order to implement change and manage finance, information, people and resources. | ||
| 650 | _aFINANCIAL MANAGEMENT | ||
| 650 | _aMANAGEMENT-BUSINESS MANAGEMENT-INFORMATION MANAGEMENT | ||
| 650 | _aPERSONNEL MANAGEMENT | ||
| 650 | _aPUBLIC SERVICES | ||
| 650 | _aRESOURCE MANAGEMENT | ||
| 690 | _aMANAGEMENT | ||
| 700 | _aHorne, T. | ||
| 942 | _n0 | ||
| 999 |
_c101789 _d101789 |
||